<?xml version="1.0" encoding="UTF-8"?>
<record
    xmlns:xsi="http://www.w3.org/2001/XMLSchema-instance"
    xsi:schemaLocation="http://www.loc.gov/MARC21/slim http://www.loc.gov/standards/marcxml/schema/MARC21slim.xsd"
    xmlns="http://www.loc.gov/MARC21/slim">

  <leader>00544nam a22001817a 4500</leader>
  <datafield tag="999" ind1=" " ind2=" ">
    <subfield code="c">190662</subfield>
    <subfield code="d">190662</subfield>
  </datafield>
  <controlfield tag="005">20220802113927.0</controlfield>
  <datafield tag="010" ind1=" " ind2=" ">
    <subfield code="a">ENG-134134</subfield>
  </datafield>
  <datafield tag="020" ind1=" " ind2=" ">
    <subfield code="a">9788193186145</subfield>
    <subfield code="c">499.00</subfield>
  </datafield>
  <datafield tag="035" ind1=" " ind2=" ">
    <subfield code="a">EN-117666</subfield>
  </datafield>
  <datafield tag="037" ind1=" " ind2=" ">
    <subfield code="b">DBAD/PUB</subfield>
  </datafield>
  <datafield tag="082" ind1=" " ind2=" ">
    <subfield code="a">S</subfield>
  </datafield>
  <datafield tag="100" ind1=" " ind2=" ">
    <subfield code="a">Savita B.Singh</subfield>
  </datafield>
  <datafield tag="245" ind1=" " ind2=" ">
    <subfield code="a">The Road and the Lamp:</subfield>
    <subfield code="c">by Savita B.Singh</subfield>
    <subfield code="b">the sparkle on the travelling soul/</subfield>
  </datafield>
  <datafield tag="260" ind1=" " ind2=" ">
    <subfield code="a">Pune(Maharashtra)</subfield>
    <subfield code="b">Leaf Press</subfield>
    <subfield code="c">2017</subfield>
  </datafield>
  <datafield tag="270" ind1=" " ind2=" ">
    <subfield code="a">605,Classic Exotica,Kondhwa Khurd,</subfield>
    <subfield code="b">Pune(Maharashtra)</subfield>
    <subfield code="e">411048</subfield>
  </datafield>
  <datafield tag="300" ind1=" " ind2=" ">
    <subfield code="a">282p.</subfield>
    <subfield code="c">20cm(pbk}</subfield>
  </datafield>
  <datafield tag="942" ind1=" " ind2=" ">
    <subfield code="2">ddc</subfield>
    <subfield code="c">EN</subfield>
    <subfield code="h">S</subfield>
    <subfield code="m">SAV</subfield>
  </datafield>
  <datafield tag="952" ind1=" " ind2=" ">
    <subfield code="0">0</subfield>
    <subfield code="1">0</subfield>
    <subfield code="4">0</subfield>
    <subfield code="7">0</subfield>
    <subfield code="8">NFIC</subfield>
    <subfield code="a">AV</subfield>
    <subfield code="b">AV</subfield>
    <subfield code="d">2022-08-02</subfield>
    <subfield code="e">DBAD/PUB</subfield>
    <subfield code="g">499.00</subfield>
    <subfield code="l">2</subfield>
    <subfield code="o">S SAV</subfield>
    <subfield code="p">EN-117666</subfield>
    <subfield code="r">2023-11-08 00:00:00</subfield>
    <subfield code="s">2023-10-28</subfield>
    <subfield code="t">1</subfield>
    <subfield code="v">499.00</subfield>
    <subfield code="y">EN</subfield>
  </datafield>
</record>
